Bureaucracy in Historical Perspective / (Record no. 21070)
[ view plain ]
| 000 -LEADER | |
|---|---|
| fixed length control field | 00757nam a22001697a 4500 |
| 003 - CONTROL NUMBER IDENTIFIER | |
| control field | BDDh-ASL |
| 005 - DATE AND TIME OF LATEST TRANSACTION | |
| control field | 20231015025950.0 |
| 008 - FIXED-LENGTH DATA ELEMENTS--GENERAL INFORMATION | |
| fixed length control field | 210120s1971 us ||||| |||| 00| 0 eng d |
| 040 ## - CATALOGING SOURCE | |
| Original cataloging agency | BDDh-ASL |
| Transcribing agency | BDDh-ASL |
| 082 ## - DEWEY DECIMAL CLASSIFICATION NUMBER | |
| Classification number | 302.35 |
| Item number | BUR |
| 245 00 - TITLE STATEMENT | |
| Title | Bureaucracy in Historical Perspective / |
| 260 ## - PUBLICATION, DISTRIBUTION, ETC. | |
| Place of publication, distribution, etc. | London : |
| Name of publisher, distributor, etc. | Scott, Foresman and Company, |
| Date of publication, distribution, etc. | 1971. |
| 300 ## - PHYSICAL DESCRIPTION | |
| Extent | 178 p. : |
| Dimensions | 24 cm. |
| 650 #0 - SUBJECT ADDED ENTRY--TOPICAL TERM | |
| Topical term or geographic name entry element | Bureaucracy, byo͝oˈräkrəsē, আমলাতন্ত্র, Āmalātantra, আমলাতান্ত্রিকতা, beadledom, bumbledom, officialdom, clericalism, beadledom, bumbledom, আধিকারিকবর্গ, আমলাবর্গ, অধিকারীর পদ |
| 9 (RLIN) | 2860 |
| 700 1# - ADDED ENTRY--PERSONAL NAME | |
| 9 (RLIN) | 2857 |
| Personal name | Dalby, Michael T. |
| 942 ## - ADDED ENTRY ELEMENTS (KOHA) | |
| Source of classification or shelving scheme | Dewey Decimal Classification |
| Koha item type | Books |
| Withdrawn status | Lost status | Source of classification or shelving scheme | Damaged status | Not for loan | Collection code | Home library | Current library | Shelving location | Date acquired | Source of acquisition | Total Checkouts | Full call number | Barcode | Date last seen | Copy number | Price effective from | Koha item type |
|---|---|---|---|---|---|---|---|---|---|---|---|---|---|---|---|---|---|
| Dewey Decimal Classification | Non-fiction | Asiatic Society Library | Asiatic Society Library | General Stacks | 01/20/2021 | Prof. Azizul Haq and Prof. Husniara Huq Collections | 302.35 BUR | 104587 | 01/20/2021 | C-1 | 01/20/2021 | Books |